| 000 | 00522nam a2200193Ia 4500 | ||
|---|---|---|---|
| 005 | 20250508160906.0 | ||
| 008 | 008 250505s9999 xx 000 0 eng d | ||
| 037 | _aBooks to be hide in OPAC | ||
| 040 |
_aFEDL _beng _cFEDL |
||
| 041 |
_aeng _2eng |
||
| 084 |
_a507, SHA/O _qFEDL |
||
| 100 | _aSharma R C | ||
| 245 | 0 | _aModern science teaching | |
| 260 |
_aDelhi, India _b Dhanpat Rai and Sons _c1975 |
||
| 300 | _a334p. | ||
| 365 |
_aINR _b10.5 |
||
| 942 |
_cHB _h507, SHA/O |
||
| 999 |
_c1367222 _d1367222 |
||